000 nam a22 7a 4500
999 _c232903
_d232903
003 Nust
005 20170224151502.0
008 170224b xxu||||| |||| 00| 0 eng d
040 _cDLC
082 _a070.1945491 SID
245 _aRadio Journalism in Pakistan /
_cIdrees Siddiqui
260 _aLahore :
_bFerozsons Ltd,
300 _aix, 156p. :
_c23 cm
942 _2ddc
_cBK